NCAA Women's Lacrosse - Every Playoff Team - Statistics

General Stats
  • This quiz has been taken 39 times
    33 since last reset
  • The average score is 37 of 69
Answer Stats
app School app School % Correct
37 Maryland 0 Kent St
100%
23 North Carolina 0 Merrimack
100%
18 Syracuse 0 San Diego St
95%
34 Virginia 0 Wofford
95%
16 Pennsylvania 0 Radford
90%
28 Princeton
90%
20 Duke 0 Coastal Carolina
86%
9 Harvard
86%
3 Yale
86%
8 Boston College 0
81%
15 Dartmouth 0 Central Conn St
81%
23 Northwestern 0 Niagara
81%
4 Ohio St 0 Presbyterian
81%
5 Cornell 0 Campbell
76%
11 Florida 0 Delaware St
76%
3 Michigan 0 Lehigh
76%
15 Notre Dame 0 Oregon
76%
26 Penn St 0 Robert Morris
76%
5 Albany 0 Akron
71%
24 Loyola 0 Howard
71%
13 Massachusetts 0 UMass Lowell
71%
7 Navy 0 Longwood
71%
6 USC
71%
1 Army
67%
6 Denver 0 Cincinnati
67%
16 Georgetown 0 Detroit Mercy
62%
10 Johns Hopkins 0 George Mason
62%
1 Virginia Tech 0 Youngstown St
62%
18 James Madison 0 Gardner-Webb
57%
2 Rutgers 0 Saint Francis
57%
10 Stanford
57%
9 Stony Brook 0 Saint Mary's
57%
17 Temple 0 Siena
57%
1 Vermont
57%
8 Boston U 0 Binghamton
52%
4 Colgate 0 Butler
52%
3 Connecticut 0 UC Davis
52%
1 Marquette
52%
3 Colorado 0 California
48%
1 Sacred Heart
48%
10 Towson 0 Stetson
48%
3 Delaware
43%
7 New Hampshire
43%
1 American 0 Arizona St
38%
2 Drexel
38%
4 Louisville 0 Hartford
38%
3 UMBC 0 VCU
38%
6 Vanderbilt 0 Villanova
38%
3 Bryant 0 Brown
33%
4 Canisius 0 Bucknell
33%
2 Manhatten 0 Iona
33%
6 Richmond 0 St. Bonaventure
33%
7 William & Mary
33%
6 Fairfield 0 Davidson
29%
8 Jacksonville 0 Furman
29%
2 Marist 0 Kennesaw St
29%
5 Monmouth 0 Liberty
29%
3 Mount St. Mary's 0 Long Island
29%
1 Saint Joseph's
29%
2 Hofstra 0 East Carolina
24%
2 Lafayette 0 George Washington
24%
4 Mercer 0 La Salle
24%
1 Old Dominion 0 Quinnipiac
24%
3 Wagner
24%
1 Elon 0 Colombia
19%
2 Holy Cross 0 Eastern Michigan
19%
2 Central Michigan
14%
5 High Point 0 Duquesne
14%
2 Winthrop
5%
No matching quizzes found
Score Distribution
Percent of People with Each Score
Percentile by Number Answered
Your Score History
You have not taken this quiz since the last reset